000 00770 a2200193 4500
003 NUST
005 20251118182439.0
040 _cNust
082 _a621.382,CHE
100 _aCheema , Naseem Faisal (TCC-13)
_9131941
245 _aWireless message communicator /
_cFaisal Naseem Cheema, Mubashir Iqbal, Aamir Ali Raja and Zohaib Rashid
260 _aRawalpindi
_bMCS (NUST)
_c2005
300 _a103 p.;
505 _aIntroduction (Page-1), Existing Solutions Overview (Page-4), Theory (Page-12), Hardware Implementation (Page-46), Software Implementation (Page-65), Future Developments (Page-69), Conclusion (Page-72).
650 _aUG Projects
_998716
651 _aTCC-13
_9126050
700 _aSupervised by GP Capt (R) Muzaffar Ali
_9131863
942 _cPR
_2ddc
999 _c183317
_d183317